|
|
|
|
| LEADER |
00000naa0a2200000 4500 |
| 001 |
592095 |
| 005 |
20250108170647.0 |
| 035 |
|
|
|a (RuTPU)RU\TPU\tpu\3385
|
| 035 |
|
|
|a TPU00003385
|
| 090 |
|
|
|a 592095
|
| 100 |
|
|
|a 20011210d1919 k||y0rusy50 ca
|
| 101 |
0 |
|
|a rus
|
| 102 |
|
|
|a RU
|
| 200 |
1 |
|
|a Отчет бюро съезда по организации института исследования Сибири
|f В. И. Минаев
|
| 461 |
|
|
|t Труды съезда по организации исследования Сибири
|
| 463 |
|
|
|t Ч. 1
|v С. 24-26
|d 1919
|
| 610 |
1 |
|
|a техника
|
| 610 |
1 |
|
|a труды учёных ТПУ
|
| 610 |
1 |
|
|a промышленность
|
| 610 |
1 |
|
|a общетехнические дисциплины
|
| 700 |
|
1 |
|a Минаев
|b В. И.
|
| 801 |
|
0 |
|a RU
|b 63413507
|c 20011210
|g PSBO
|
| 801 |
|
2 |
|a RU
|b 63413507
|c 20070213
|g PSBO
|
| 942 |
|
|
|c BK
|